Bimetalické elementy pre spájanie nerovnakých materiálov
Salvato in:
| Autore principale: | |
|---|---|
| Altri autori: | |
| Natura: | Manoscritto Libro |
| Lingua: | slovacco |
| Pubblicazione: |
2025
|
| Soggetti: | |
| Accesso online: | http://is.stuba.sk/zp/portal_zp.pl?podrobnosti=176410 |
| Tags: |
Nessun Tag, puoi essere il primo ad aggiungerne!!
|
MARC
| LEADER | 00000ntm a22000003a 4500 | ||
|---|---|---|---|
| 001 | stuzp105475 | ||
| 003 | SK-STU | ||
| 005 | 20250628212802.8 | ||
| 007 | ta | ||
| 008 | 150427s2015----xo-----f-mn---000-0-slo-d | ||
| 040 | |a STU |b slo | ||
| 041 | 0 | |a slo | |
| 100 | 1 | |a Adamkovič, Alex |u 020050 |k Z4 |4 aut |U SjF Strojnícka fakulta |T SjF Ústav technológií a materiálov |X 121647 |U J0050 |Y 803 |7 121647 | |
| 242 | 0 | 1 | |a Bimetallic elements for joining dissimilar materials |y eng |
| 245 | 1 | 0 | |a Bimetalické elementy pre spájanie nerovnakých materiálov |
| 260 | |c 2025 | ||
| 650 | 4 | |a bimetalický spojovací element |2 slo | |
| 650 | 4 | |a odstredivé liatie |2 slo | |
| 650 | 4 | |a odporové spájkovanie s bimetalickým spojovacím elementom |2 slo | |
| 650 | 4 | |a odporové zváranie so spojovacím elementom |2 slo | |
| 650 | 4 | |a resistance element soldering |2 eng | |
| 650 | 4 | |a resistance element welding |2 eng | |
| 650 | 4 | |a bimetallic element |2 eng | |
| 650 | 4 | |a centrifugal casting |2 eng | |
| 700 | 1 | |a Vanko, Branislav |u 020050 |k Z1 |4 ths |U SjF Strojnícka fakulta |T SjF Ústav technológií a materiálov |X 22241 |U J0050 |Y 803 |7 A000022241 | |
| 856 | 4 | |u http://is.stuba.sk/zp/portal_zp.pl?podrobnosti=176410 | |